|
|
|
|
| LEADER |
00000nam0a2200000 4500 |
| 001 |
313132 |
| 005 |
20231102002543.0 |
| 010 |
|
|
|a 9785000911297
|
| 010 |
|
|
|a 978-5-16-011306-7
|
| 035 |
|
|
|a (RuTPU)RU\TPU\book\338516
|
| 090 |
|
|
|a 313132
|
| 100 |
|
|
|a 20160114d2016 m y0rusy50 ca
|
| 101 |
0 |
|
|a rus
|
| 102 |
|
|
|a RU
|
| 105 |
|
|
|a a j 001zy
|
| 200 |
1 |
|
|a Модифицированные сульфатированные клинкеры и цементы на их основе
|e [учебное пособие]
|f С. И. Иващенко [и др.]
|
| 210 |
|
|
|a Москва
|c Форум
|c Инфра-М
|d 2016
|
| 215 |
|
|
|a 192 с.
|c ил.
|
| 225 |
1 |
|
|a Высшее образование
|
| 320 |
|
|
|a Библиогр.: с. 173-189.
|
| 330 |
|
|
|a Приведены краткие сведения из истории создания и развития химии и технологии сульфатированных клинкеров и цементов на их основе, описаны физико-химические основы получения модифицированных сульфатированных цементов, приведены данные о влиянии различных модифицирующих добавок на процессы минералообразования и гидратации, фазовый состав, структуру и свойства модифицированных сульфатированных клинкеров и строительно-технические характеристики вяжущих на их основе. Приведены рекомендации по использованию промышленных отходов и техногенных материалов в технологии модифицированных сульфатированных клинкеров и специальных цементов на их основе.Книга предназначена для работников научных, научно-технических и проектных организаций промышленности строительных материалов и строительной индустрии, а также аспирантов и студентов, обучающихся в высших учебных заведениях по технологическим и строительным специальностям.
|
| 606 |
1 |
|
|a Клинкер
|x Цементная промышленность
|2 stltpush
|3 (RuTPU)RU\TPU\subj\75191
|9 87062
|
| 610 |
1 |
|
|a сульфатированные клинкеры
|
| 610 |
1 |
|
|a технология
|
| 610 |
1 |
|
|a состав
|
| 610 |
1 |
|
|a свойства
|
| 610 |
1 |
|
|a синтез
|
| 610 |
1 |
|
|a минералообразование
|
| 610 |
1 |
|
|a гидратация
|
| 610 |
1 |
|
|a модифицирование
|
| 610 |
1 |
|
|a цементы
|
| 610 |
1 |
|
|a учебные пособия
|
| 675 |
|
|
|a 666.94(075.8)
|v 4
|
| 701 |
|
1 |
|a Иващенко
|b С. И.
|g Сергей Иванович
|
| 701 |
|
1 |
|a Иващенко
|b С. С.
|g Сергей Сергеевич
|
| 701 |
|
1 |
|a Фатиев
|b М. М.
|g Мирашраф Мирджафарович
|
| 701 |
|
1 |
|a Горшкова
|b И. В.
|g Ирина Владимировна
|
| 801 |
|
1 |
|a RU
|b 63413507
|c 20160114
|
| 801 |
|
2 |
|a RU
|b 63413507
|c 20160317
|g RCR
|
| 942 |
|
|
|c BK
|
| 959 |
|
|
|a 3/20160114
|d 1
|e 429,90
|f ЧЗТЛ:1
|